Educación para la salud : (Record no. 23675)
[ view plain ]
| 000 -CABECERA | |
|---|---|
| campo de control de longitud fija | 00753nam a2200217 a 4500 |
| 001 - NÚMERO DE CONTROL | |
| campo de control | 000024181 |
| 005 - FECHA Y HORA DE LA ÚLTIMA TRANSACCIÓN | |
| campo de control | 20200930022803.0 |
| 008 - DATOS DE LONGITUD FIJA--INFORMACIÓN GENERAL | |
| campo de control de longitud fija | 110119s1972 ag a r 001 0 spa d |
| 040 ## - FUENTE DE LA CATALOGACIÓN | |
| Centro catalogador/agencia de origen | DO-SdBNP |
| Lengua de catalogación | spa |
| Centro/agencia transcriptor | BNPHU |
| 082 ## - NÚMERO DE LA CLASIFICACIÓN DECIMAL DEWEY | |
| Número de clasificación | nnnn |
| Número de documento/Ítem | F954e |
| 049 ## - FONDOS LOCALES (OCLC) | |
| Fondos de biblioteca | BNGR |
| 100 1# - ENTRADA PRINCIPAL--NOMBRE DE PERSONA | |
| Nombre de persona | Fuertes Jovellar, Antonio, |
| 9 (RLIN) | 49657 |
| 245 10 - MENCIÓN DE TÍTULO | |
| Título | Educación para la salud : |
| Resto del título | orientación para educadores / |
| Mención de responsabilidad, etc. | Antonio Fuertes Jovellar y Javier Sarria Amigot ; prólogo de Rafael Gómez Lus. |
| 260 ## - PUBLICACIÓN, DISTRIBUCIÓN, ETC. | |
| Lugar de publicación, distribución, etc. | Buenos Aires : |
| Nombre del editor, distribuidor, etc. | Guadalupe, |
| Fecha de publicación, distribución, etc. | 1972. |
| 300 ## - DESCRIPCIÓN FÍSICA | |
| Extensión | 313 p. ; |
| Dimensiones | 24 cm. |
| 490 1# - MENCIÓN DE SERIE | |
| Mención de serie | Alianza para el progreso |
| 500 ## - NOTA GENERAL | |
| Nota general | Incluye índice |
| 700 1# - PUNTO DE ACCESO ADICIONAL--NOMBRE DE PERSONA | |
| Nombre de persona | Gómez Lus, Rafael, |
| Término indicativo de función/relación | pról. |
| 9 (RLIN) | 49658 |
| 700 1# - PUNTO DE ACCESO ADICIONAL--NOMBRE DE PERSONA | |
| Nombre de persona | Sarria Amigot, Javier, |
| 9 (RLIN) | 49659 |
| 830 #0 - PUNTO DE ACCESO ADICIONAL DE SERIE-TÍTULO UNIFORME | |
| Título uniforme | Alianza para el progreso |
| 9 (RLIN) | 41672 |
| Estado de retiro | Estado de pérdida | Restricciones de uso | No para préstamo | Código de colección | Localización permanente | Ubicación/localización actual | Ubicación en estantería | Fecha de adquisición | Número de inventario | Total de préstamos | Signatura topográfica completa | Código de barras | Fecha visto por última vez | Precio válido a partir de | Tipo de ítem Koha |
|---|---|---|---|---|---|---|---|---|---|---|---|---|---|---|---|
| Préstamo interno | Monografías: Libros y Folletos | General | General | En catalogación | 19.01.2011 | LF1 | nnnn F954e | 24181-10 | 25.06.2020 | 25.06.2020 | Préstamo interno |
